Incense and echoes; (Record no. 78448)

MARC details
000 -LEADER
fixed length control field 00528cam a22001931 4500
001 - CONTROL NUMBER
control field sa 68002085
003 - CONTROL NUMBER IDENTIFIER
control field DLC
005 - DATE AND TIME OF LATEST TRANSACTION
control field 20260227112439.0
008 - FIXED-LENGTH DATA ELEMENTS--GENERAL INFORMATION
fixed length control field 710903s1965 pk 000 0 eng
010 ## - LIBRARY OF CONGRESS CONTROL NUMBER
LC control number sa 68002085
025 ## - OVERSEAS ACQUISITION NUMBER
Overseas acquisition number PL480:P-E-1292
040 ## - CATALOGING SOURCE
Original cataloging agency DLC
Transcribing agency DLC
Modifying agency DLC
050 00 - LIBRARY OF CONGRESS CALL NUMBER
Classification number PR6051.L48
Item number I5
100 1# - MAIN ENTRY--PERSONAL NAME
Personal name Allana, G.
Fuller form of name (Gulam),
Dates associated with a name 1906-1985.
245 10 - TITLE STATEMENT
Title Incense and echoes;
Remainder of title selected poems,
Statement of responsibility, etc. by G. Allana.
260 ## - PUBLICATION, DISTRIBUTION, ETC.
Place of publication, distribution, etc. Karachi,
Name of publisher, distributor, etc. al-Barakat Pub. House
Date of publication, distribution, etc. [1965]
300 ## - PHYSICAL DESCRIPTION
Extent xvi, 118 p.
Dimensions 20 cm.
350 ## - PRICE (NR) (BK AM CF MU VM SE) [OBSOLETE]
Price Rs7

No items available.

Powered by Koha